000 00666nam a2200253Ia 4500
003 OSt
005 20221005113941.0
006 a|||||r|||| 00| 0
007 ta
008 221004b |||||||| |||| 00| 0 kan d
024 _a60441
037 _cTextual
040 _aCRL
_cCRL
_bkan
041 _2kan
_akan
082 _aO33,1(Q23)x, L6
100 _aHiremath Au.
_9625215
245 0 _aAllamprabudevara vachanegalu
260 _c1976
650 _a KANNAD POETRY
650 _aKANNAD LITERATURE
700 _a Sunkapura Au.
_9625216
942 _hO33,1(Q23)x, L6
_cTEXL
_2cc
999 _c1029839
_d1029839